00593nam a22001697a 450000500170000002000180001708200230003524500950005826000310015330000090018450400350019365000350022870000260026394200120028999900190030195201030032020251128151417.0 a9789388854894 223a363.70526bABI aEnvironmental Security and Sustainable Development /cEdited by Murtaza Abid ... [et al.] aNew Delhi :bDPH ,c2022 . a226p aInclude Bibliography and Index aSustainable Development 91105 aAbid , Murtaza 95606 2ddccBK c753873d753873 00102ddc4070aESbESd2025-11-28l0o363.70526 ABIpES2511r2025-11-28 09:45:34w2025-11-28yBK